[Event "AUT-ch Vor2 Internet"]
[Site "Playchess.com INT"]
[Date "2020.04.13"]
[Round "1"]
[White "Schumi, Manfred"]
[Black "Kienboeck, Benjamin"]
[Result "0-1"]
[WhiteElo "2202"]
[BlackElo "1922"]
[PlyCount "116"]
[EventDate "2020.04.13"]
[EventType "swiss (blitz)"]
[EventRounds "9"]
[EventCountry "AUT"]
[SourceTitle "CBM 195 Extra"]
[Source "ChessBase"]
[SourceDate "2020.05.31"]
[SourceVersion "1"]
[SourceVersionDate "2020.05.31"]
[SourceQuality "1"]

1. e4 c5 2. Nf3 d6 3. d4 cxd4 4. Nxd4 Nf6 5. Nc3 a6 6. Bg5 e6 7. f4 Qb6 8. Qd2 Nc6 9. 0-0-0 Qxd4 10. Qxd4 Nxd4 11. Rxd4 Be7 12. Be2 0-0 13. Bf3 Re8 14. Rhd1 Rb8 15. e5 dxe5 16. fxe5 Nd5 17. Bxe7 Nxe7 18. Rd8 Kf8 19. Ne4 Nd5 20. Rxe8+ Kxe8 21. Nd6+ Ke7 22. Bxd5 exd5 23. Rxd5 b6 24. Nxc8+ Rxc8 25. Rd6 Rb8 26. Kd2 f6 27. Rd3 fxe5 28. Ke3 Ke6 29. Rc3 Rb7 30. Ke4 Rd7 31. Rc6+ Ke7 32. Kxe5 Rd2 33. Rxb6 Rxc2 34. b4 Rxa2 35. Rb7+ Kf8 36. Rb8+ Kf7 37. Rb7+ Kg6 38. Rb6+ Kh5 39. g3 Rxh2 40. Rxa6 Rg2 41. Ra3 Rb2 42. Ra7 Kh6 43. Rb7 Rb3 44. b5 Rxg3 45. b6 Rb3 46. Kd5 g5 47. Kc5 Kg6 48. Re7 h5 49. b7 g4 50. Kc6 Kg5 51. Rh7 h4 52. Kc7 g3 53. b8Q Rxb8 54. Kxb8 Kg4 55. Kc7 g2 56. Kd6 Kf3 57. Rg7 h3 58. Ke5 h2 0-1

[Event "AUT-ch Vor2 Internet"]
[Site "Playchess.com INT"]
[Date "2020.04.13"]
[Round "8"]
[White "Wimmer, Kevin"]
[Black "Schumi, Manfred"]
[Result "1/2-1/2"]
[WhiteElo "1944"]
[BlackElo "2202"]
[PlyCount "102"]
[EventDate "2020.04.13"]
[EventType "swiss (blitz)"]
[EventRounds "9"]
[EventCountry "AUT"]
[SourceTitle "CBM 195 Extra"]
[Source "ChessBase"]
[SourceDate "2020.05.31"]
[SourceVersion "1"]
[SourceVersionDate "2020.05.31"]
[SourceQuality "1"]

1. e4 Nf6 2. Nc3 d5 3. exd5 Nxd5 4. Nxd5 Qxd5 5. Qf3 Qd6 6. d3 Nc6 7. Be3 g6 8. Ne2 Bg7 9. Nc3 0-0 10. Be2 Nd4 11. Bxd4 Qxd4 12. 0-0 c6 13. Qe3 Qxe3 14. fxe3 Bh6 15. Kf2 e5 16. e4 Be6 17. Kg1 f5 18. Bf3 Be3+ 19. Kh1 Bd4 20. g3 Kg7 21. Kg2 Rad8 22. h4 Rd7 23. Rab1 h5 24. Ne2 Be3 25. a3 f4 26. Ng1 Bg4 27. Nh3 c5 28. Ng5 Re8 29. Rbd1 Kf6 30. Nh3 Bxh3+ 31. Kxh3 Red8 32. g4 hxg4+ 33. Bxg4 Rh7 34. Rh1 Rdh8 35. Kg2 Rxh4 36. Rxh4 Rxh4 37. Bf3 g5 38. Rh1 Rxh1 39. Kxh1 Bc1 40. a4 Bxb2 41. Kg2 a6 42. Bg4 b5 43. axb5 axb5 44. Bd7 Kg6 45. Kf3 Kh5 46. Bg4+ Kh4 47. Bd7 Bc1 48. Bg4 Bd2 49. Bd7 Bc3 50. Bg4 Bd2 51. Bd7 Bc3 1/2-1/2

[Event "AUT-chT2O 0304"]
[Site "Austria"]
[Date "2003.10.26"]
[Round "2.4"]
[White "Neumeier, Klaus"]
[Black "Schumi, Manfred"]
[Result "1/2-1/2"]
[WhiteElo "2280"]
[BlackElo "2220"]
[PlyCount "88"]
[EventDate "2003.10.25"]
[EventType "team-tourn"]
[EventRounds "11"]
[EventCountry "AUT"]
[SourceTitle "EXT 2005"]
[Source "ChessBase"]
[SourceDate "2004.11.15"]
[SourceVersion "1"]
[SourceVersionDate "2004.11.15"]
[SourceQuality "1"]
[WhiteTeam "Eichgraben/Pressbaum"]
[BlackTeam "Wien Austria"]
[WhiteTeamCountry "AUT"]
[BlackTeamCountry "AUT"]

1. e4 c5 2. Nf3 d6 3. Bb5+ Nd7 4. d4 Ngf6 5. Nc3 cxd4 6. Qxd4 e5 7. Qd3 h6 8. Be3 Be7 9. Bc4 a6 10. a4 Qa5 11. 0-0 Nc5 12. Bxc5 Qxc5 13. Nd5 Nxd5 14. Qxd5 Qxd5 15. Bxd5 Rb8 16. Rfd1 Be6 17. Rd3 Bxd5 18. Rxd5 Rc8 19. c3 0-0 20. Nd2 Rc6 21. a5 Rfc8 22. Nf1 g6 23. Rdd1 Bg5 24. g3 h5 25. h4 Bh6 26. f3 Kf8 27. Kf2 Ke7 28. Ne3 Bxe3+ 29. Kxe3 Rc5 30. Rd3 Ke6 31. Rad1 R8c6 32. Rd5 Ke7 33. g4 Rxd5 34. Rxd5 Rc5 35. Kd3 f6 36. Rxc5 dxc5 37. gxh5 gxh5 38. Kc4 Kd6 39. b4 cxb4 40. cxb4 Kc6 41. b5+ Kd6 42. bxa6 bxa6 43. Kb4 Kc6 44. Kc4 Kd6 1/2-1/2

[Event "Oberwart op 25th"]
[Site "Oberwart"]
[Date "2003.07.05"]
[Round "1"]
[White "Stanec, Nikolaus"]
[Black "Schumi, Manfred"]
[Result "1-0"]
[WhiteElo "2560"]
[BlackElo "2245"]
[PlyCount "61"]
[EventDate "2003.07.05"]
[EventType "swiss"]
[EventRounds "9"]
[EventCountry "AUT"]
[SourceTitle "CBM 095 Extra"]
[Source "ChessBase"]
[SourceDate "2003.09.04"]
[SourceVersion "1"]
[SourceVersionDate "2003.09.04"]
[SourceQuality "1"]

1. c4 g6 2. Nc3 Bg7 3. g3 e5 4. Bg2 Nc6 5. d3 d6 6. Nf3 f5 7. 0-0 Nf6 8. Bg5 h6 9. Bxf6 Qxf6 10. Nd5 Qf7 11. b4 0-0 12. b5 Nd8 13. Rb1 c6 14. bxc6 bxc6 15. Nb4 Be6 16. Qa4 Rc8 17. Nd2 d5 18. Rbc1 e4 19. e3 Rb8 20. cxd5 cxd5 21. Nb3 Bd7 22. Qa3 Bb5 23. Rfd1 Re8 24. Qa5 Bf8 25. Nd4 Bc4 26. dxc4 Bxb4 27. Qxd5 Ne6 28. Nc6 Ba3 29. Nxb8 Bxc1 30. Nd7 Rd8 31. c5 1-0

[Event "AUT-chT2O 0203"]
[Site "Austria"]
[Date "2003.03.08"]
[Round "10.5"]
[White "Krpelan, Wolfgang"]
[Black "Schumi, Manfred"]
[Result "1/2-1/2"]
[WhiteElo "2217"]
[BlackElo "2217"]
[PlyCount "56"]
[EventDate "2002.10.25"]
[EventType "team-tourn"]
[EventRounds "11"]
[EventCountry "AUT"]
[SourceTitle "EXT 2020"]
[Source "ChessBase"]
[SourceDate "2019.10.17"]
[SourceVersion "1"]
[SourceVersionDate "2019.10.17"]
[SourceQuality "1"]
[WhiteTeam "Lackenbach"]
[BlackTeam "Wien Austria"]
[WhiteTeamCountry "AUT"]
[BlackTeamCountry "AUT"]

1. d4 Nf6 2. Nf3 g6 3. Nc3 d5 4. Bf4 Bg7 5. e3 0-0 6. h3 c5 7. Nb5 a6 8. Nc7 Ra7 9. Nxd5 Nxd5 10. Bxb8 Ra8 11. Be5 f6 12. Bh2 cxd4 13. exd4 Qb6 14. Bc4 Qb4+ 15. Nd2 Be6 16. Rb1 Bh6 17. f4 Bxf4 18. Bxf4 Nxf4 19. Bxe6+ Nxe6 20. c3 Qb5 21. Qb3 Qxb3 22. Nxb3 Rad8 23. 0-0 b6 24. a4 Rd6 25. a5 Rc8 26. Rbe1 Kf7 27. Re2 b5 28. Rfe1 Rc7 1/2-1/2

[Event "AUT-chT2O 0203"]
[Site "Austria"]
[Date "2003.02.16"]
[Round "9.5"]
[White "Schumi, Manfred"]
[Black "Ponjican, Erich"]
[Result "1-0"]
[WhiteElo "2217"]
[BlackElo "2131"]
[PlyCount "53"]
[EventDate "2002.10.25"]
[EventType "team-tourn"]
[EventRounds "11"]
[EventCountry "AUT"]
[SourceTitle "EXT 2020"]
[Source "ChessBase"]
[SourceDate "2019.10.17"]
[SourceVersion "1"]
[SourceVersionDate "2019.10.17"]
[SourceQuality "1"]
[WhiteTeam "Wien Austria"]
[BlackTeam "Tschaturanga"]
[WhiteTeamCountry "AUT"]
[BlackTeamCountry "AUT"]

1. e4 Nf6 2. e5 Nd5 3. d4 d6 4. Nf3 Bg4 5. Be2 Nc6 6. c4 Nb6 7. exd6 exd6 8. 0-0 Be7 9. Be3 0-0 10. Nbd2 Re8 11. a3 a5 12. Qc2 d5 13. c5 Nc8 14. Bd3 g6 15. h3 Be6 16. Qc3 Bf6 17. b4 axb4 18. axb4 Rxa1 19. Rxa1 N8e7 20. b5 Nb8 21. Bf4 Nd7 22. Ra7 Qc8 23. c6 bxc6 24. bxc6 Nb8 25. Rxc7 Qd8 26. Bb5 g5 27. Bh2 1-0

[Event "AUT-chT2O 0203"]
[Site "Austria"]
[Date "2003.02.15"]
[Round "8.5"]
[White "Salamon, Werner"]
[Black "Schumi, Manfred"]
[Result "1/2-1/2"]
[WhiteElo "2187"]
[BlackElo "2217"]
[PlyCount "72"]
[EventDate "2002.10.25"]
[EventType "team-tourn"]
[EventRounds "11"]
[EventCountry "AUT"]
[SourceTitle "EXT 2020"]
[Source "ChessBase"]
[SourceDate "2019.10.17"]
[SourceVersion "1"]
[SourceVersionDate "2019.10.17"]
[SourceQuality "1"]
[WhiteTeam "Mattersburg"]
[BlackTeam "Wien Austria"]
[WhiteTeamCountry "AUT"]
[BlackTeamCountry "AUT"]

1. e4 c5 2. Nf3 d6 3. d4 cxd4 4. Nxd4 Nf6 5. Nc3 a6 6. Be2 e5 7. Nb3 Be7 8. Be3 Be6 9. 0-0 0-0 10. Qd2 Nbd7 11. a4 Rc8 12. a5 Qc7 13. Rfd1 Nc5 14. Nxc5 dxc5 15. Bf3 Rcd8 16. Qe2 Rxd1+ 17. Qxd1 Rd8 18. Qe2 h6 19. h3 Rd7 20. Qe1 c4 21. Na4 Qc6 22. Nb6 Rd8 23. Qc3 Nxe4 24. Qxe5 f5 25. Re1 Bf6 26. Bxe4 fxe4 27. Qg3 Kh7 28. Bf4 Bxb2 29. Be5 Bxe5 30. Qxe5 Bf7 31. Qe7 Qf6 32. Qxf6 gxf6 33. Rxe4 Rd1+ 34. Kh2 Rd2 35. Nxc4 Rxc2 36. Nd6 Bd5 1/2-1/2

[Event "AUT-chT2O 0203"]
[Site "Austria"]
[Date "2003.01.25"]
[Round "6.4"]
[White "Schumi, Manfred"]
[Black "Trkulja, Zoran"]
[Result "1/2-1/2"]
[WhiteElo "2217"]
[BlackElo "2232"]
[PlyCount "51"]
[EventDate "2002.10.25"]
[EventType "team-tourn"]
[EventRounds "11"]
[EventCountry "AUT"]
[SourceTitle "EXT 2020"]
[Source "ChessBase"]
[SourceDate "2019.10.17"]
[SourceVersion "1"]
[SourceVersionDate "2019.10.17"]
[SourceQuality "1"]
[WhiteTeam "Wien Austria"]
[BlackTeam "Gols Raiba"]
[WhiteTeamCountry "AUT"]
[BlackTeamCountry "AUT"]

1. e4 e6 2. d4 d5 3. Nc3 Bb4 4. exd5 exd5 5. Bd3 Nc6 6. a3 Be7 7. Nce2 Bg5 8. Nf3 Bxc1 9. Qxc1 Qf6 10. Nf4 Qe7+ 11. Qe3 Qxe3+ 12. fxe3 Nge7 13. 0-0 0-0 14. Rae1 Bg4 15. c3 h6 16. e4 dxe4 17. Bxe4 Bf5 18. Bxf5 Nxf5 19. Nd5 Rfd8 20. Nxc7 Rac8 21. d5 Rxc7 22. dxc6 bxc6 23. Ne5 Nd6 24. Rd1 Re8 25. Rfe1 Re6 26. Nf3 1/2-1/2

[Event "AUT-chT2O 0203"]
[Site "Austria"]
[Date "2002.10.26"]
[Round "2.5"]
[White "Wadsack, Winfried"]
[Black "Schumi, Manfred"]
[Result "1/2-1/2"]
[WhiteElo "2149"]
[BlackElo "2217"]
[PlyCount "40"]
[EventDate "2002.10.25"]
[EventType "team-tourn"]
[EventRounds "11"]
[EventCountry "AUT"]
[SourceTitle "EXT 2020"]
[Source "ChessBase"]
[SourceDate "2019.10.17"]
[SourceVersion "1"]
[SourceVersionDate "2019.10.17"]
[SourceQuality "1"]
[WhiteTeam "Amstetten"]
[BlackTeam "Wien Austria"]
[WhiteTeamCountry "AUT"]
[BlackTeamCountry "AUT"]

1. e4 c5 2. c3 Nf6 3. e5 Nd5 4. d4 cxd4 5. Nf3 e6 6. cxd4 b6 7. Bd3 Bb4+ 8. Bd2 Bxd2+ 9. Nbxd2 Ba6 10. Ne4 0-0 11. 0-0 Bxd3 12. Qxd3 f5 13. exf6 gxf6 14. Nc3 Nxc3 15. Qxc3 Nc6 16. Rac1 Ne7 17. Nd2 Nd5 18. Qb3 Kh8 19. Ne4 Qe7 20. Nc3 Nxc3 1/2-1/2

[Event "AUT-chT2O 0203"]
[Site "Austria"]
[Date "2002.10.25"]
[Round "1.5"]
[White "Schmid, Thomas"]
[Black "Schumi, Manfred"]
[Result "0-1"]
[WhiteElo "2100"]
[BlackElo "2217"]
[PlyCount "58"]
[EventDate "2002.10.25"]
[EventType "team-tourn"]
[EventRounds "11"]
[EventCountry "AUT"]
[SourceTitle "EXT 2020"]
[Source "ChessBase"]
[SourceDate "2019.10.17"]
[SourceVersion "1"]
[SourceVersionDate "2019.10.17"]
[SourceQuality "1"]
[WhiteTeam "Stockerau"]
[BlackTeam "Wien Austria"]
[WhiteTeamCountry "AUT"]
[BlackTeamCountry "AUT"]

1. e4 c5 2. Nf3 d6 3. d3 Nc6 4. g3 g6 5. Bg2 Bg7 6. 0-0 e6 7. Re1 Nge7 8. Nbd2 0-0 9. c3 b6 10. Nf1 Ba6 11. d4 Rc8 12. a3 Qc7 13. b4 cxd4 14. cxd4 Bc4 15. Bb2 d5 16. e5 a5 17. Qd2 Ra8 18. h4 h5 19. Ne3 Bh6 20. Nxd5 Bxd2 21. Nxc7 Bxe1 22. Nxa8 Bxf2+ 23. Kxf2 Rxa8 24. Nd2 Bd5 25. b5 Bxg2 26. Kxg2 Na7 27. a4 Rc8 28. Rc1 Nd5 29. Nc4 Rxc4 0-1

[Event "Oberwart op"]
[Site "Oberwart"]
[Date "2002.07.12"]
[Round "8"]
[White "Schumi, Manfred"]
[Black "Petschar, Kurt"]
[Result "1/2-1/2"]
[WhiteElo "2216"]
[BlackElo "2301"]
[PlyCount "21"]
[EventDate "2002.07.05"]
[EventType "swiss"]
[EventRounds "9"]
[EventCountry "AUT"]
[SourceTitle "CBM 089 Extra"]
[Source "ChessBase"]
[SourceDate "2002.09.10"]
[SourceVersion "2"]
[SourceVersionDate "2002.09.10"]
[SourceQuality "1"]

1. e4 e5 2. Nf3 Nc6 3. d4 exd4 4. Nxd4 Nf6 5. Nc3 Bb4 6. Nxc6 bxc6 7. Bd3 d5 8. exd5 cxd5 9. 0-0 0-0 10. Bg5 Be6 11. Qf3 1/2-1/2

[Event "Oberwart op"]
[Site "Oberwart"]
[Date "2002.07.11"]
[Round "7"]
[White "Wallner, Joachim"]
[Black "Schumi, Manfred"]
[Result "1/2-1/2"]
[WhiteElo "2327"]
[BlackElo "2216"]
[PlyCount "90"]
[EventDate "2002.07.05"]
[EventType "swiss"]
[EventRounds "9"]
[EventCountry "AUT"]
[SourceTitle "CBM 089 Extra"]
[Source "ChessBase"]
[SourceDate "2002.09.10"]
[SourceVersion "2"]
[SourceVersionDate "2002.09.10"]
[SourceQuality "1"]

1. e4 c5 2. Nf3 d6 3. d4 cxd4 4. Nxd4 Nf6 5. Nc3 a6 6. Be2 e5 7. Nb3 Be7 8. Be3 Be6 9. 0-0 0-0 10. Bf3 b5 11. a4 b4 12. Nd5 Bxd5 13. exd5 e4 14. Be2 Nbd7 15. a5 Ne5 16. Ra4 Qb8 17. Qd2 Qb7 18. Rd1 Rfb8 19. Bb6 Nfd7 20. Rxb4 f5 21. Bc5 Qc7 22. Rxb8+ Rxb8 23. Bd4 Qb7 24. Bc3 g6 25. Nd4 Rc8 26. Qe1 Bf6 27. Qf1 Nc5 28. Ne6 Ned7 29. Nxc5 Rxc5 30. Bxa6 Qb8 31. Bxf6 Nxf6 32. c4 Rxa5 33. Bb5 Ra2 34. Qe1 Qb6 35. Rb1 Nxd5 36. Qd2 Nf6 37. h3 Kg7 38. Rd1 Qc5 39. Qc3 f4 40. Re1 d5 41. Qe5 Qb4 42. Re2 Ra7 43. Qxf4 dxc4 44. Bc6 Re7 45. Qe3 Qd6 1/2-1/2

[Event "Baden op-A 30th"]
[Site "Baden"]
[Date "2002.04.28"]
[Round "4.1"]
[White "Schumi, Manfred"]
[Black "Balinov, Ilia"]
[Result "0-1"]
[WhiteElo "2229"]
[BlackElo "2438"]
[PlyCount "56"]
[EventDate "2002.04.26"]
[EventType "swiss"]
[EventRounds "5"]
[EventCountry "AUT"]
[SourceTitle "EXT 2003"]
[Source "ChessBase"]
[SourceDate "2002.11.25"]
[SourceVersion "1"]
[SourceVersionDate "2002.11.25"]
[SourceQuality "1"]

1. e4 c5 2. Nf3 d6 3. d4 Nf6 4. Nc3 cxd4 5. Nxd4 Nc6 6. Bc4 Qb6 7. Nb3 e6 8. Bf4 Ne5 9. Be2 a6 10. Be3 Qc7 11. f4 Nc4 12. Bxc4 Qxc4 13. Qd3 Qc7 14. 0-0-0 b5 15. e5 dxe5 16. fxe5 Nd7 17. Bf4 Bb7 18. Rd2 Bb4 19. Qg3 0-0 20. Bh6 g6 21. Bxf8 Bxf8 22. Kb1 Bg7 23. Qh4 Bxe5 24. Ne4 Rc8 25. Rc1 Bxe4 26. Qxe4 Nb6 27. Re2 Bxb2 28. Kxb2 Qc3+ 0-1

[Event "Panormo op"]
[Site "Panormo"]
[Date "2001.10.21"]
[Round "2"]
[White "Schumi, Manfred"]
[Black "Petrov, Marian"]
[Result "0-1"]
[WhiteElo "2240"]
[BlackElo "2451"]
[PlyCount "66"]
[EventDate "2001.10.20"]
[EventType "swiss"]
[EventRounds "9"]
[EventCountry "GRE"]
[SourceTitle "EXT 2002"]
[Source "ChessBase"]
[SourceDate "2001.11.25"]
[SourceVersion "1"]
[SourceVersionDate "2001.11.25"]
[SourceQuality "1"]

1. e4 c5 2. Nf3 Nc6 3. d4 cxd4 4. Nxd4 Qb6 5. Nb3 Nf6 6. Nc3 e6 7. Qe2 d6 8. g4 h6 9. Bg2 a6 10. Be3 Qc7 11. f4 b5 12. e5 dxe5 13. fxe5 Nd7 14. 0-0-0 Bb7 15. Bf4 Rc8 16. Kb1 Nb4 17. Bxb7 Qxb7 18. Qd2 Nb6 19. Qd4 Be7 20. Rhe1 0-0 21. g5 Rfd8 22. Qf2 Rxd1+ 23. Rxd1 hxg5 24. Bc1 Na4 25. Rf1 f5 26. exf6 Bxf6 27. a3 Nxc3+ 28. bxc3 Nd5 29. Bb2 Nxc3+ 30. Bxc3 Rxc3 31. Qe2 Qd5 32. Qh5 Rxb3+ 33. cxb3 Qd3+ 0-1

[Event "Bled op 22nd"]
[Site "Bled"]
[Date "2001.03.31"]
[Round "8"]
[White "Schumi, Manfred"]
[Black "Fucak, Emilijo"]
[Result "0-1"]
[WhiteElo "2233"]
[BlackElo "2353"]
[PlyCount "76"]
[EventDate "2001.03.24"]
[EventType "swiss"]
[EventRounds "9"]
[EventCountry "SLO"]
[SourceTitle "CBM 081 Extra"]
[Source "ChessBase"]
[SourceDate "2001.05.06"]
[SourceVersion "1"]
[SourceVersionDate "2001.05.06"]
[SourceQuality "1"]

1. e4 e6 2. d4 d5 3. Nd2 dxe4 4. Nxe4 Nf6 5. Bg5 Be7 6. Bxf6 Bxf6 7. Nf3 Nc6 8. c3 g6 9. Bd3 Bg7 10. Qc2 Qd5 11. Qe2 0-0 12. Bc4 Qh5 13. Ng3 Qa5 14. 0-0 Ne7 15. Rfe1 c6 16. Ne5 Qc7 17. Rad1 b6 18. Bb3 Bd7 19. Ne4 Rae8 20. Qf3 Nd5 21. c4 f5 22. Ng5 Bxe5 23. dxe5 Nb4 24. a3 Na6 25. Rd6 Nc5 26. Red1 Re7 27. Ba2 h6 28. Nh3 Be8 29. b4 Ne4 30. Nf4 Bf7 31. c5 Qc8 32. h4 Rfe8 33. Bb3 Nxd6 34. Rxd6 bxc5 35. bxc5 Qb8 36. Ba2 Qb2 37. Bxe6 Rxe6 38. Qg3 Qxe5 0-1

[Event "Bled op 22nd"]
[Site "Bled"]
[Date "2001.03.27"]
[Round "4"]
[White "Schumi, Manfred"]
[Black "Piber, Vinko"]
[Result "1-0"]
[WhiteElo "2233"]
[BlackElo "2020"]
[PlyCount "63"]
[EventDate "2001.03.24"]
[EventType "swiss"]
[EventRounds "9"]
[EventCountry "SLO"]
[SourceTitle "CBM 081 Extra"]
[Source "ChessBase"]
[SourceDate "2001.05.06"]
[SourceVersion "1"]
[SourceVersionDate "2001.05.06"]
[SourceQuality "1"]

1. e4 e6 2. d4 d5 3. Nd2 Nf6 4. e5 Nfd7 5. c3 c5 6. Bd3 Nc6 7. Ngf3 g6 8. h4 h5 9. Qe2 Qb6 10. dxc5 Nxc5 11. Nb3 Nxd3+ 12. Qxd3 a5 13. 0-0 a4 14. Nbd4 Nxd4 15. Nxd4 Bd7 16. Bg5 Bc5 17. Bf6 Rg8 18. Rfc1 Bxd4 19. cxd4 Qb4 20. Rc3 Bc6 21. Rb1 Kd7 22. Bg5 Rgc8 23. Qd2 Qf8 24. Rf3 Rc7 25. b3 Kc8 26. Rc1 Be8 27. Rfc3 Rxc3 28. Qxc3+ Bc6 29. b4 Kb8 30. b5 Bxb5 31. Qc7+ Ka7 32. Be7 1-0

[Event "Passau op 8th"]
[Site "Passau"]
[Date "2000.04.24"]
[Round "7"]
[White "Schumi, Manfred"]
[Black "Baumeister, Michael"]
[Result "1/2-1/2"]
[WhiteElo "2253"]
[BlackElo "1668"]
[PlyCount "60"]
[EventDate "2000.04.21"]
[EventType "swiss"]
[EventRounds "7"]
[EventCountry "GER"]
[SourceTitle "CBM 076 Extra"]
[Source "ChessBase"]
[SourceDate "2000.07.11"]
[SourceVersion "1"]
[SourceVersionDate "2000.07.11"]
[SourceQuality "1"]

1. e4 c5 2. Nf3 a6 3. Nc3 e6 4. d4 cxd4 5. Nxd4 Nc6 6. g3 Nf6 7. Bg2 Bb4 8. Nde2 d5 9. exd5 Nxd5 10. Bd2 Nxc3 11. Bxc3 Bxc3+ 12. Nxc3 0-0 13. Qxd8 Rxd8 14. Bxc6 bxc6 15. Ke2 e5 16. Rhd1 Bf5 17. Rxd8+ Rxd8 18. Rd1 Rxd1 19. Kxd1 Kf8 20. Na4 Ke7 21. Nc5 Bc8 22. Kd2 f5 23. b4 Kd6 24. Kd3 g5 25. c3 g4 26. a3 h5 27. Kc4 Be6+ 28. Kd3 Bc8 29. Kc4 Be6+ 30. Kd3 Bc8 1/2-1/2

[Event "Passau op 8th"]
[Site "Passau"]
[Date "2000.04.23"]
[Round "6"]
[White "Priehoda, Vitezslav"]
[Black "Schumi, Manfred"]
[Result "1-0"]
[WhiteElo "2397"]
[BlackElo "2253"]
[PlyCount "69"]
[EventDate "2000.04.21"]
[EventType "swiss"]
[EventRounds "7"]
[EventCountry "GER"]
[SourceTitle "CBM 076 Extra"]
[Source "ChessBase"]
[SourceDate "2000.07.11"]
[SourceVersion "1"]
[SourceVersionDate "2000.07.11"]
[SourceQuality "1"]

1. d4 Nf6 2. c4 g6 3. Nc3 Bg7 4. e4 d6 5. f4 0-0 6. Nf3 Na6 7. Be3 e5 8. dxe5 Ng4 9. Bg1 dxe5 10. h3 Nf6 11. Qxd8 Rxd8 12. fxe5 Nd7 13. e6 fxe6 14. 0-0-0 b6 15. c5 Naxc5 16. Bxc5 bxc5 17. Bb5 Rb8 18. e5 Rb6 19. Rd3 c4 20. Bxc4 Rf8 21. Re1 Nc5 22. Rd4 Bb7 23. b4 Rxb4 24. Bxe6+ Nxe6 25. Rxb4 Bxf3 26. gxf3 Rxf3 27. Kc2 h5 28. h4 Kh7 29. Ne4 Bxe5 30. Ng5+ Nxg5 31. Rxe5 Rf2+ 32. Kc1 Nf3 33. Re3 Nh2 34. Re7+ Kh6 35. Rxc7 1-0

[Event "AUT-chT 9900"]
[Site "Austria"]
[Date "1999.10.25"]
[Round "4.2"]
[White "Tschohl, Christof"]
[Black "Schumi, Manfred"]
[Result "1/2-1/2"]
[WhiteElo "2145"]
[BlackElo "2246"]
[PlyCount "119"]
[EventDate "1999.10.22"]
[EventType "team-tourn"]
[EventRounds "11"]
[EventCountry "AUT"]
[SourceTitle "EXT 2000"]
[Source "ChessBase"]
[SourceDate "1999.11.16"]
[SourceVersion "1"]
[SourceVersionDate "1999.11.16"]
[SourceQuality "1"]
[WhiteTeam "Hohenems"]
[BlackTeam "Klagenfurter Die"]
[WhiteTeamCountry "AUT"]
[BlackTeamCountry "AUT"]

1. e4 c5 2. c3 Nf6 3. e5 Nd5 4. d4 cxd4 5. Nf3 e6 6. cxd4 b6 7. Nc3 Nxc3 8. bxc3 Qc7 9. Bd2 d6 10. Bd3 Bb7 11. 0-0 Nd7 12. Re1 dxe5 13. Nxe5 Nxe5 14. Rxe5 Bd6 15. Rh5 g6 16. Rh3 0-0 17. Qg4 f5 18. Qh4 Rf7 19. c4 Rd8 20. Bc3 Be7 21. Qh6 Bf6 22. Re1 Qe7 23. Qe3 Qd7 24. Qxe6 Qxe6 25. Rxe6 Bxd4 26. Bxd4 Rxd4 27. Kf1 Rfd7 28. Bc2 Ba6 29. Rc6 Bb7 30. Re6 Rc7 31. Bb3 Ba6 32. Re8+ Kg7 33. Rc3 Kf7 34. Ra8 Kf6 35. Ke1 f4 36. Rc2 Bc8 37. Re2 Be6 38. Rf8+ Kg7 39. Re8 Bf7 40. R8e7 Rdd7 41. Rxd7 Rxd7 42. Rd2 Rxd2 43. Kxd2 Kf6 44. Kc3 Ke5 45. Bc2 h6 46. a3 g5 47. Bh7 Be8 48. Kd3 Bc6 49. g3 Bg2 50. Bg6 Bf1+ 51. Kc3 Be2 52. Bh7 Bg4 53. Bg6 fxg3 54. fxg3 Bf5 55. Bxf5 Kxf5 56. Kb4 Kg4 57. Kb5 Kh3 58. Ka6 Kxh2 59. Kxa7 Kxg3 60. Kxb6 1/2-1/2

[Event "Hotel Agro IM B"]
[Site "Budapest"]
[Date "1999.08.05"]
[Round "7"]
[White "Schumi, Manfred"]
[Black "Nagy, Ervin"]
[Result "1/2-1/2"]
[WhiteElo "2241"]
[BlackElo "2363"]
[PlyCount "91"]
[EventDate "1999.08.05"]
[EventType "tourn"]
[EventRounds "9"]
[EventCountry "HUN"]
[EventCategory "3"]
[SourceTitle "CBM 071 Extra"]
[Source "ChessBase"]
[SourceDate "1999.09.14"]
[SourceVersion "1"]
[SourceVersionDate "1999.09.14"]
[SourceQuality "1"]

1. e4 c5 2. Nf3 d6 3. d4 cxd4 4. Nxd4 Nf6 5. Nc3 e6 6. Be3 a6 7. f4 Nbd7 8. g4 Nc5 9. Qf3 e5 10. Nf5 g6 11. fxe5 Nfxe4 12. Nxd6+ Bxd6 13. exd6 Qh4+ 14. Bf2 Qxf2+ 15. Qxf2 Nxf2 16. Kxf2 Bxg4 17. b4 Ne6 18. Nd5 0-0-0 19. Nf6 Bf5 20. Rd1 Ng7 21. Bg2 Be6 22. Bd5 Rxd6 23. Bxb7+ Kc7 24. Rxd6 Kxd6 25. Rd1+ Kc7 26. Bxa6 Bxa2 27. Rd7+ Kb6 28. Bd3 Be6 29. Rd6+ Kc7 30. Ra6 Rb8 31. c3 Nf5 32. Be4 Ne7 33. Ra5 Kd6 34. Bd3 Nc6 35. Ra6 Kc7 36. Ne4 Ne5 37. Ra7+ Rb7 38. Rxb7+ Kxb7 39. Nc5+ Kb6 40. Nxe6 Nxd3+ 41. Ke3 Nxb4 42. cxb4 fxe6 43. Ke4 Kb5 44. Ke5 Kxb4 45. Kxe6 Kc5 46. Kf6 1/2-1/2

[Event "Hotel Agro IM B"]
[Site "Budapest"]
[Date "1999.08.04"]
[Round "6"]
[White "Lindberg, Bengt"]
[Black "Schumi, Manfred"]
[Result "0-1"]
[WhiteElo "2299"]
[BlackElo "2241"]
[PlyCount "142"]
[EventDate "1999.08.05"]
[EventType "tourn"]
[EventRounds "9"]
[EventCountry "HUN"]
[EventCategory "3"]
[SourceTitle "CBM 071 Extra"]
[Source "ChessBase"]
[SourceDate "1999.09.14"]
[SourceVersion "1"]
[SourceVersionDate "1999.09.14"]
[SourceQuality "1"]

1. e4 c5 2. Nf3 d6 3. d4 cxd4 4. Nxd4 Nf6 5. Nc3 a6 6. Be3 Ng4 7. Bg5 h6 8. Bh4 g5 9. Bg3 Bg7 10. Be2 h5 11. Bxg4 hxg4 12. Nd5 Nc6 13. Nf5 Bxf5 14. exf5 Bxb2 15. Rb1 Qa5+ 16. Qd2 Bd4 17. Qxa5 Nxa5 18. Nc7+ Kd7 19. Nxa8 Rxa8 20. Ke2 Bc3 21. f3 gxf3+ 22. Kxf3 Rc8 23. Ke2 Bf6 24. Kd2 Rc4 25. Be1 b5 26. Kd3 Rd4+ 27. Ke2 Ra4 28. Bxa5 Rxa5 29. g3 Rxa2 30. Kd3 Ra4 31. c3 d5 32. Ra1 Rc4 33. Rxa6 Rxc3+ 34. Kd2 Rc4 35. Rb1 b4 36. Kd3 Bc3 37. Ra7+ Kd6 38. Rb7 Re4 39. Rh1 Bf6 40. Rb1 Bc3 41. Rh1 Bf6 42. Rb1 Ke5 43. R7xb4 Rxb4 44. Rxb4 Kxf5 45. g4+ Ke5 46. Ke3 Kd6 47. Rb6+ Kc5 48. Rb7 Kd6 49. h3 Be5 50. Rb6+ Kc5 51. Rb7 Bf4+ 52. Kf3 Bd6 53. Ke2 f6 54. Ra7 Kc4 55. Ra4+ Bb4 56. Ra6 d4 57. Rc6+ Kd5 58. Ra6 Bd6 59. Ra5+ Bc5 60. Ra6 Bd6 61. Ra5+ Ke4 62. Ra6 d3+ 63. Kd2 Bb4+ 64. Kd1 Kd5 65. Ra4 Bc3 66. Ra6 e5 67. Rxf6 e4 68. Rf8 e3 69. Re8 Be5 70. Rd8+ Bd6 71. Re8 e2+ 0-1